| 000 | 00808cam a22002651 4500 | ||
|---|---|---|---|
| 001 | sa 67005226 | ||
| 003 | DLC | ||
| 005 | 20260227112355.0 | ||
| 008 | 780930s1966 ii ab 000 0 eng | ||
| 010 | _asa 67005226 | ||
| 035 | _a(OCoLC)4256851 | ||
| 040 |
_aDLC _cNGenoU _dDLC |
||
| 043 | _aa-ii--- | ||
| 045 | _aa-o0 | ||
| 050 | 0 | 0 |
_aDS451 _b.T45 |
| 082 | 0 | 0 | _a934 |
| 100 | 1 | _aThapar, Romila. | |
| 245 | 1 | 0 |
_aAncient India; _ba textbook of history for middle schools. |
| 260 |
_a[New Delhi] _bNational Council of Educational Research and Training _c[1966] |
||
| 300 |
_a151 p. _billus., maps. _c25 cm. |
||
| 500 | _a"Important dates": p. [143]-144. | ||
| 500 | _a"Important personalities": p. [145]-147. | ||
| 651 | 0 |
_aIndia _xHistory _yTo 324 B.C. |
|
| 651 | 0 |
_aIndia _xHistory _y324 B.C.-1000 A.D. |
|
| 999 |
_c75041 _d75041 |
||